header

HIV-1 integrase (Record no. 232288)

MARC details
000 -LEADER
fixed length control field 01405nam a2200361 a 4500
082 04 - DEWEY DECIMAL CLASSIFICATION NUMBER
Classification number 616.97/9201
245 00 - TITLE STATEMENT
Title HIV-1 integrase
260 ## - PUBLICATION, DISTRIBUTION, ETC. (IMPRINT)
Place of publication Hoboken, N.J. :
Name of publisher Wiley,
Year of publication c2011.
300 ## - PHYSICAL DESCRIPTION
Number of Pages xiii, 506 p., [15] p. of plates :
Other physical details ill. (some col.).
490 0# - SERIES STATEMENT
Series statement Wiley series on drug discovery and development
650 #0 - SUBJECT ADDED ENTRY--TOPICAL TERM
Topical Term HIV (Viruses)
Topical Term HIV (Viruses)
Topical Term Antiviral agents.
700 1# - ADDED ENTRY--PERSONAL NAME
Personal name Neamati, Nouri.
856 40 - ELECTRONIC LOCATION AND ACCESS
Uniform Resource Identifier http://site.ebrary.com/lib/rucke/Doc?id=10494542

No items available.

© 2026 Rongo University
Contact us: librarian | system librarian | Rongo university